000 00608cam a22002053a 4500
001 42907
003 PGUSA
005 20140828083956.0
008 130610s2013||||xxu|||||s|||||000 | eng d
040 _aPGUSA
_beng
042 _adc
100 1 _aFarjeon, B. L.
_q(Benjamin Leopold),
_d1833-1903
245 1 0 _aGreat Porter Square :
_bA Mystery. v. 3
_h[electronic resource] /
_cB. L. Farjeon
260 _bProject Gutenberg,
_c2013
506 _aPublic domain in the USA.
516 _aElectronic text
830 0 _aProject Gutenberg
_v42907
856 4 0 _uhttp://www.gutenberg.org/ebooks/42907
942 _cEB
999 _c272159
_d272159